| 000 | 01081nas a2200361 4500 | ||
|---|---|---|---|
| 001 | BR0805507 | ||
| 003 | BR-BrBNA | ||
| 005 | 20231205112436.0 | ||
| 007 | ta | ||
| 008 | 230509b bl.|||p| |||| 00| 00por d | ||
| 040 |
_aBR-BrBNA _bpor _cBiblioteca Nacional de Agricultura |
||
| 041 | _a(Pt) | ||
| 072 | _aQ04 | ||
| 100 | 1 | _aTrês, M.V. | |
| 100 | 1 | _aFrancheschi, E. | |
| 100 | 1 | _aBorges, G.R. | |
| 100 | 1 | _aDariva, C. | |
| 100 | 1 | _aCorazza, F. de C. | |
| 100 | 1 | _aOliveira, J.V. | |
| 100 | 1 | _aCorazza, M.L. | |
| 245 | 1 | _aInfluência da temperatura na solubilidade de beta-caroteno em solventes orgânicos à pressão ambiente | |
| 650 | _aCAROTENO | ||
| 650 | _aCOMPOSTO ORGÂNICO | ||
| 650 | _aCORANTE | ||
| 650 | _aVITAMINA A | ||
| 650 | _aSOLVENTE ORGÂNICO | ||
| 650 | _aTEMPERATURA | ||
| 650 | _aSOLUBILIDADE | ||
| 650 | _aPROPRIEDADE FÍSICO-QUÍMICA | ||
| 773 | 0 |
_tCiência e Tecnologia de Alimentos (Brazil) _xISSN 0101-2061 _g(Oct-Dec 2007), v. 27(4) p. 737-743 _wBR0805507 |
|
| 909 |
_a202311 _bLúcia _c55 _dLúcia Elande |
||
| 942 |
_2AGRIS _n0 _cANA |
||
| 999 |
_c198099 _d198099 |
||